00537nam a2200109Ia 4500008004100000020001800041100007000059245020500129260002700334650001400361856005200375171212s9999 xx 000 0 und d a9780833086273 aMartorell, Paco;Miller, Trey;Daugherty, Lindsay;Borgschulte, Mark cMartorell, Paco;Miller, Trey;Daugherty, Lindsay;Borgschulte, MarkaEffects of Military Service on Earnings and Education RevisitedbVariation by Service Duration, Occupation, and Civilian Unemployment bRAND Corporationc2014 aEducation uhttp://www.jstor.org/stable/10.7249/j.ctt6wq9gb